[Event "M.Chigorin Memorial A"]
[Site "St. Petersburg RUS"]
[Date "2007.12.01"]
[Round "1.2"]
[White "Konovalov, Nikolay"]
[Black "Aleksandrov, Aleksej"]
[Result "1-0"]
[WhiteElo "2453"]
[BlackElo "2614"]
[PlyCount "99"]
[EventDate "2007.??.??"]

1. d4 d5 2. c4 e6 3. Nc3 Bb4 4. a3 Bxc3+ 5. bxc3 c5 6. cxd5 exd5 7. e3 Qc7 8.
Ne2 Nf6 9. f3 Nbd7 10. Ng3 h5 11. Bb5 a6 12. Ba4 h4 13. Ne2 b6 14. Rb1 Bb7 15.
dxc5 Qxc5 16. Qd4 O-O-O 17. h3 Kb8 18. O-O Ka7 19. Bd2 g5 20. Rb2 Rc8 21. Rfb1
Qxd4 22. cxd4 Bc6 23. Bc2 Bb5 24. Kf2 Rc7 25. Bf5 Rhc8 26. Rc1 Bxe2 27. Rxc7+
Rxc7 28. Kxe2 Nh5 29. Rc2 Kb7 30. Rxc7+ Kxc7 31. Bd3 a5 32. f4 gxf4 33. exf4 f5
34. Kf3 Ng3 35. Be1 Nb8 36. Bxg3 hxg3 37. Bxf5 Nc6 38. Ke3 b5 39. h4 Ne7 40.
Bc2 a4 41. h5 b4 42. axb4 a3 43. Bb1 Nf5+ 44. Kd2 Kd6 45. Kc3 Nh6 46. Kb3 Ke6
47. b5 Ng4 48. b6 Kd6 49. Bf5 Nh6 50. Bc8 1-0

[Event "M.Chigorin Memorial A"]
[Site "St. Petersburg RUS"]
[Date "2007.12.01"]
[Round "1.3"]
[White "Mamedov, Rauf"]
[Black "Shimanov, Aleksandr"]
[Result "1-0"]
[WhiteElo "2582"]
[BlackElo "2447"]
[PlyCount "71"]
[EventDate "2007.??.??"]

1. e4 e6 2. d4 d5 3. Nd2 dxe4 4. Nxe4 Nd7 5. c4 Ngf6 6. Nc3 Be7 7. Nf3 O-O 8.
Be2 c5 9. O-O cxd4 10. Qxd4 e5 11. Qd3 Re8 12. Rd1 Bc5 13. Ng5 Bd4 14. Be3 h6
15. Nge4 Nxe4 16. Nxe4 f5 17. Nc3 Bxc3 18. Qxc3 f4 19. Bc5 Qg5 20. Bd6 Nf6 21.
c5 e4 22. f3 Kh8 23. fxe4 Rxe4 24. Bf3 Bg4 25. Bxe4 Nxe4 26. Qe5 Bxd1 27. Rxd1
Qg4 28. Rf1 f3 29. Rxf3 Nd2 30. Rf4 Qd1+ 31. Kf2 Qf1+ 32. Kg3 Qd3+ 33. Kh4 Qg6
34. Rg4 Qf7 35. Qd4 Nb1 36. Rxg7 1-0

[Event "M.Chigorin Memorial A"]
[Site "St. Petersburg RUS"]
[Date "2007.12.01"]
[Round "1.4"]
[White "Alavkin, Arseny"]
[Black "Popov, Valerij"]
[Result "0-1"]
[WhiteElo "2442"]
[BlackElo "2580"]
[PlyCount "152"]
[EventDate "2007.??.??"]

1. d4 Nf6 2. Nf3 d5 3. c4 c6 4. Nc3 dxc4 5. a4 Bf5 6. e3 e6 7. Bxc4 Nbd7 8. O-O
Bb4 9. Qe2 O-O 10. e4 Bg6 11. e5 Nd5 12. Ne4 h6 13. Bd3 c5 14. dxc5 Qc7 15. Nd6
Bxd3 16. Qxd3 Bxc5 17. Nc4 N5b6 18. Nxb6 Nxb6 19. Qe4 Rfd8 20. Bd2 Bf8 21. Rac1
Qd7 22. Ba5 Qd5 23. Qxd5 Rxd5 24. Bxb6 axb6 25. b3 b5 26. axb5 Rxb5 27. Rc3 Bc5
28. h4 Ra3 29. Rfc1 b6 30. Nd2 Rb4 31. g3 Ra2 32. R3c2 Ra8 33. Rc4 Rxc4 34.
Rxc4 Rd8 35. Ne4 Bd4 36. Rb4 Rd5 37. Kg2 Bxe5 38. Rxb6 f5 39. f4 fxe4 40. fxe5
Rxe5 41. Kf2 Rf5+ 42. Ke3 Rf3+ 43. Kxe4 Rxg3 44. Rxe6 Rg4+ 45. Kd5 Rxh4 46. Kc5
Rh1 47. b4 Rc1+ 48. Kd4 Rb1 49. Kc5 Kf7 50. Re4 g5 51. b5 Rc1+ 52. Kd5 Rd1+ 53.
Kc5 Rc1+ 54. Kd5 h5 55. b6 Rb1 56. Kc5 h4 57. Rb4 Rxb4 58. Kxb4 h3 59. b7 h2
60. b8=Q h1=Q 61. Qc7+ Kg6 62. Qd6+ Kh5 63. Qd3 Qe1+ 64. Kc5 Qe5+ 65. Kc4 g4
66. Qh7+ Kg5 67. Qg8+ Kf4 68. Qf8+ Ke3 69. Qa3+ Kf2 70. Qa7+ Qe3 71. Qf7+ Ke1
72. Qg6 g3 73. Qb1+ Kf2 74. Qf5+ Qf3 75. Qg5 g2 76. Qh4+ Kf1 0-1

[Event "M.Chigorin Memorial A"]
[Site "St. Petersburg RUS"]
[Date "2007.12.01"]
[Round "1.5"]
[White "Khairullin, Ildar"]
[Black "Matlakov, Maxim"]
[Result "1-0"]
[WhiteElo "2567"]
[BlackElo "2441"]
[PlyCount "73"]
[EventDate "2007.??.??"]

1. e4 e5 2. Nf3 Nc6 3. Bb5 a6 4. Ba4 d6 5. c3 Bd7 6. O-O g6 7. d4 Bg7 8. Bg5 f6
9. Be3 Nh6 10. dxe5 Nxe5 11. Nxe5 dxe5 12. c4 c6 13. Nc3 Nf7 14. f3 O-O 15. Bb3
Be6 16. Na4 Bh6 17. Bb6 Qe8 18. Qd3 Nd8 19. Rad1 Kg7 20. Rfe1 Bf7 21. Nc5 Ne6
22. Nxb7 Qb8 23. Qd7 Nd4 24. c5 Kg8 25. Na5 Qc8 26. Bxf7+ Rxf7 27. Qxc8+ Rxc8
28. Rd3 Nc2 29. Red1 Be3+ 30. Kf1 Bd4 31. Nc4 Re8 32. R1d2 Nb4 33. Rb3 Nxa2 34.
Ra3 Nb4 35. Ra4 a5 36. Nxa5 Na6 37. Nxc6 1-0

[Event "M.Chigorin Memorial A"]
[Site "St. Petersburg RUS"]
[Date "2007.12.01"]
[Round "1.6"]
[White "Levin, Evgeny A"]
[Black "Yemelin, Vasily"]
[Result "1/2-1/2"]
[WhiteElo "2428"]
[BlackElo "2564"]
[PlyCount "74"]
[EventDate "2007.??.??"]

1. d4 Nf6 2. c4 e6 3. Nc3 Bb4 4. e3 O-O 5. Bd3 c5 6. Nf3 d5 7. O-O Nc6 8. a3
Bxc3 9. bxc3 Qc7 10. Bb2 Na5 11. cxd5 exd5 12. Nd2 Ng4 13. Nf3 Nf6 14. Nd2 Ng4
15. Nf3 c4 16. Bc2 Nh6 17. Nd2 Bf5 18. a4 Ng4 19. g3 Qd7 20. Re1 Rfe8 21. Ba3
Qe6 22. Nf1 Bxc2 23. Qxc2 Nb3 24. Ra2 f5 25. f3 Nf6 26. Qg2 Rad8 27. h3 h5 28.
h4 Qd7 29. Qb2 Re6 30. Qb1 g6 31. Bb4 Rde8 32. a5 Kg7 33. Kf2 Ra6 34. Nd2 Nxd2
35. Rxd2 Qc6 36. Ra2 Rc8 37. Ree2 Rc7 1/2-1/2

[Event "M.Chigorin Memorial A"]
[Site "St. Petersburg RUS"]
[Date "2007.12.01"]
[Round "1.7"]
[White "Evdokimov, Alexander A"]
[Black "Smirnov, Artem"]
[Result "0-1"]
[WhiteElo "2562"]
[BlackElo "2419"]
[PlyCount "90"]
[EventDate "2007.??.??"]

1. d4 Nf6 2. c4 e6 3. Nf3 b6 4. g3 Ba6 5. b3 Bb4+ 6. Bd2 Be7 7. Nc3 d5 8. cxd5
exd5 9. Bg2 O-O 10. O-O Bb7 11. Rc1 Nbd7 12. Bf4 c6 13. Ne5 Re8 14. Qc2 Nf8 15.
Qb2 Ne6 16. Rfd1 Bd6 17. b4 Qe7 18. Rb1 Nxd4 19. Rxd4 Bxe5 20. Bxe5 Qxe5 21.
Rbd1 Rac8 22. R4d2 Ba6 23. b5 Bxb5 24. Nxb5 Qxb2 25. Rxb2 cxb5 26. Bxd5 Red8
27. Rbd2 Rxd5 28. Rxd5 Nxd5 29. Rxd5 b4 30. Kg2 g6 31. Rd2 Rc3 32. Rb2 a5 33.
e3 Kg7 34. Kf3 Kf6 35. Ke4 Ke6 36. Kd4 b5 37. h3 Kd6 38. g4 Rc4+ 39. Kd3 g5 40.
f3 Kd5 41. Rd2 a4 42. h4 h6 43. Ke2+ Kc5 44. hxg5 hxg5 45. Rd7 b3 0-1

[Event "M.Chigorin Memorial A"]
[Site "St. Petersburg RUS"]
[Date "2007.12.01"]
[Round "1.8"]
[White "Ponfilenok, Vladimir"]
[Black "Andreikin, Dmitry"]
[Result "1/2-1/2"]
[WhiteElo "2412"]
[BlackElo "2555"]
[PlyCount "93"]
[EventDate "2007.??.??"]

1. d4 Nf6 2. Nf3 e6 3. g3 b5 4. a4 b4 5. Bg2 Bb7 6. O-O c5 7. c3 Na6 8. Bg5 Be7
9. Nbd2 O-O 10. Ne5 Bxg2 11. Kxg2 Rc8 12. Bxf6 gxf6 13. Nd3 bxc3 14. bxc3 Qa5
15. Nb3 Qb6 16. Nbxc5 Bxc5 17. Nxc5 Nxc5 18. dxc5 Qxc5 19. Qxd7 Rfd8 20. Qb5
Qxc3 21. Rac1 Qxc1 22. Rxc1 Rxc1 23. Qb2 Rc4 24. Qxf6 Rd5 25. Qe7 a5 26. f4 Kg7
27. Kf3 Rxa4 28. e4 Rd3+ 29. Ke2 Rad4 30. Qg5+ Kf8 31. Qc5+ Ke8 32. Qxa5 Rb3
33. Qa8+ Ke7 34. Qa7+ Rd7 35. Qc5+ Kd8 36. Qf8+ Kc7 37. Qc5+ Kb7 38. Qc4 Rb2+
39. Kf3 h5 40. f5 e5 41. g4 hxg4+ 42. Kxg4 f6 43. h4 Rg2+ 44. Kh3 Rgd2 45. Qb5+
Kc7 46. Qc5+ Kb7 47. Qb5+ 1/2-1/2

[Event "M.Chigorin Memorial A"]
[Site "St. Petersburg RUS"]
[Date "2007.12.01"]
[Round "1.9"]
[White "Zhigalko, Andrey"]
[Black "Rozum, Ivan"]
[Result "1-0"]
[WhiteElo "2554"]
[BlackElo "2411"]
[PlyCount "65"]
[EventDate "2007.??.??"]

1. e4 d5 2. exd5 Qxd5 3. Nc3 Qd8 4. d4 c6 5. Bc4 Bf5 6. g4 Bg6 7. f4 e6 8. h4
h5 9. f5 exf5 10. g5 f4 11. Bxf4 Bb4 12. Nge2 b5 13. Bb3 Be4 14. O-O Bg6 15. a4
bxa4 16. Rxa4 Bd6 17. Ng3 Ne7 18. Bxd6 Qxd6 19. Qf3 O-O 20. Nce4 Qd7 21. Nxh5
Qf5 22. Qxf5 Bxf5 23. Nd6 Be6 24. Bxe6 fxe6 25. Rxf8+ Kxf8 26. Nf4 Nd5 27. Ng6+
Kg8 28. c4 Nb6 29. Ra3 a5 30. Rf3 c5 31. Ne7+ Kh7 32. Nf7 g6 33. Ne5 1-0

[Event "M.Chigorin Memorial A"]
[Site "St. Petersburg RUS"]
[Date "2007.12.01"]
[Round "1.10"]
[White "Slugin, Sergey"]
[Black "Kokarev, Dmitry"]
[Result "1/2-1/2"]
[WhiteElo "2403"]
[BlackElo "2550"]
[PlyCount "74"]
[EventDate "2007.??.??"]

1. d4 Nf6 2. c4 g6 3. Nc3 Bg7 4. e4 O-O 5. Nf3 d6 6. Be2 e5 7. Be3 Na6 8. O-O
Ng4 9. Bg5 Qe8 10. h3 h6 11. Bh4 Nf6 12. Bxf6 Bxf6 13. c5 Nb8 14. cxd6 cxd6 15.
Nd5 Bd8 16. dxe5 Nc6 17. exd6 Qxe4 18. Bb5 Be6 19. Nc3 Qb4 20. Qd2 Bf6 21. Bxc6
bxc6 22. a3 Qb8 23. Qxh6 Bg7 24. Qh4 Qxd6 25. Ne4 Qd8 26. Neg5 Re8 27. Rfe1 Bd5
28. Rxe8+ Qxe8 29. Re1 Qd8 30. Ne5 Rb8 31. Ng4 Qd6 32. b4 a6 33. Qh7+ Kf8 34.
Qh4 f6 35. Nh7+ Kf7 36. Nh6+ Bxh6 37. Qxh6 Rg8 1/2-1/2

[Event "M.Chigorin Memorial A"]
[Site "St. Petersburg RUS"]
[Date "2007.12.01"]
[Round "1.11"]
[White "Tihonov, Jurij"]
[Black "Gorovykh, Eduard"]
[Result "0-1"]
[WhiteElo "2522"]
[BlackElo "2402"]
[PlyCount "50"]
[EventDate "2007.??.??"]

1. d4 Nf6 2. c4 g6 3. Nc3 Bg7 4. Nf3 O-O 5. Bg5 d6 6. e3 Nbd7 7. Be2 a6 8. O-O
h6 9. Bh4 g5 10. Bg3 Nh5 11. Nd2 Nxg3 12. fxg3 c5 13. d5 Ne5 14. g4 f5 15. gxf5
Bxf5 16. Nde4 Qd7 17. Ng3 Bg4 18. Qc2 Bxe2 19. Ncxe2 b5 20. cxb5 axb5 21. Nf5
Nc4 22. Nxg7 Kxg7 23. Ng3 Qg4 24. b3 Nxe3 25. Nh5+ Kh8 0-1

[Event "M.Chigorin Memorial A"]
[Site "St. Petersburg RUS"]
[Date "2007.12.01"]
[Round "1.12"]
[White "Utkin, Aleksey"]
[Black "Romanov, Evgeny"]
[Result "1/2-1/2"]
[WhiteElo "2389"]
[BlackElo "2515"]
[PlyCount "84"]
[EventDate "2007.??.??"]

1. d4 Nf6 2. Nf3 d5 3. c4 e6 4. Nc3 c6 5. Bg5 h6 6. Bh4 dxc4 7. e4 g5 8. Bg3 b5
9. Be2 b4 10. Na4 Nxe4 11. Bxc4 Nxg3 12. hxg3 Nd7 13. Qc2 Qf6 14. O-O Bg7 15.
Rfe1 O-O 16. Ne5 Nxe5 17. dxe5 Qe7 18. Qe4 Rd8 19. Bd3 Bb7 20. Rac1 Rd5 21. f4
gxf4 22. gxf4 f5 23. Qe3 Rad8 24. Bc4 Rd4 25. Nc5 Bc8 26. Qf3 Kh8 27. Nb3 R4d7
28. Red1 a5 29. Rxd7 Qxd7 30. Qf2 Bf8 31. Nxa5 Qd2 32. Nb3 Qxf2+ 33. Kxf2 Be7
34. Rc2 c5 35. Rd2 Rxd2+ 36. Nxd2 Kg7 37. a4 bxa3 38. bxa3 Bd7 39. Bb3 Kf8 40.
Kf3 Bd8 41. Ke3 Ke7 42. Nc4 Bc6 1/2-1/2

[Event "M.Chigorin Memorial A"]
[Site "St. Petersburg RUS"]
[Date "2007.12.01"]
[Round "1.13"]
[White "Maslak, Konstantin"]
[Black "Ovod, Evgenija"]
[Result "1/2-1/2"]
[WhiteElo "2510"]
[BlackElo "2386"]
[PlyCount "143"]
[EventDate "2007.??.??"]

1. e4 e5 2. Nf3 Nc6 3. Bb5 Bc5 4. c3 Nf6 5. d4 Bb6 6. O-O O-O 7. Bg5 h6 8. Bh4
d6 9. a4 a5 10. Re1 Bg4 11. Bxc6 bxc6 12. dxe5 dxe5 13. Qxd8 Raxd8 14. Nxe5 g5
15. Bg3 Nxe4 16. Nxg4 f5 17. Na3 Nxg3 18. Nxh6+ Kg7 19. hxg3 Rd2 20. Nc4 Bxf2+
21. Kf1 Bxe1 22. Rxe1 Rdd8 23. Re6 Rd1+ 24. Ke2 Rh1 25. Rxc6 Rf6 26. Nxf5+ Rxf5
27. Rxc7+ Kf8 28. Ne3 Re5 29. Kd2 Rb1 30. Rb7 Re4 31. c4 Rd4+ 32. Kc3 Rd6 33.
Rb5 Rc1+ 34. Nc2 Rcd1 35. Rf5+ Ke8 36. Rf3 g4 37. Re3+ Kd7 38. c5 R6d5 39. b4
axb4+ 40. Kc4 Rf5 41. Kxb4 Rb1+ 42. Kc4 Rc1 43. Rc3 Rf2 44. Ne3 Rxc3+ 45. Kxc3
Kc6 46. Nxg4 Rxg2 47. Kd4 Rd2+ 48. Kc4 Rd5 49. Ne3 Rxc5+ 50. Kd4 Ra5 51. g4
Rxa4+ 52. Ke5 Kd7 53. g5 Ke7 54. Nf5+ Kf7 55. Nd6+ Kg6 56. Ne4 Ra5+ 57. Kf4
Rf5+ 58. Kg4 Rf1 59. Ng3 Rf2 60. Ne4 Rf5 61. Ng3 Rxg5+ 62. Kf4 Ra5 63. Ne4 Kf7
64. Ng5+ Kf6 65. Ne4+ Ke6 66. Ng5+ Kd5 67. Nf3 Ra3 68. Ng5 Ra4+ 69. Kf5 Ra1 70.
Kf4 Rf1+ 71. Nf3 Rxf3+ 72. Kxf3 1/2-1/2

[Event "M.Chigorin Memorial A"]
[Site "St. Petersburg RUS"]
[Date "2007.12.01"]
[Round "1.14"]
[White "Pankov, German"]
[Black "Gasanov, Eldar"]
[Result "0-1"]
[WhiteElo "2367"]
[BlackElo "2504"]
[PlyCount "40"]
[EventDate "2007.??.??"]

1. d4 Nf6 2. Nf3 e6 3. c4 d5 4. e3 c6 5. Bd3 dxc4 6. Bxc4 Nbd7 7. O-O Bd6 8.
Re1 O-O 9. e4 e5 10. Nc3 Qc7 11. h3 exd4 12. Nxd4 Ne5 13. Bf1 Rd8 14. Qc2 Bc5
15. Nf5 Bxf5 16. exf5 Neg4 17. hxg4 Nxg4 18. Bc4 Bxf2+ 19. Kf1 Bxe1 20. Kxe1
Qg3+ 0-1

[Event "M.Chigorin Memorial A"]
[Site "St. Petersburg RUS"]
[Date "2007.12.01"]
[Round "1.15"]
[White "Yevseev, Denis"]
[Black "Ivanov, Rostislav"]
[Result "1-0"]
[WhiteElo "2499"]
[BlackElo "2355"]
[PlyCount "73"]
[EventDate "2007.??.??"]

1. d4 Nf6 2. c4 c5 3. d5 e6 4. Nc3 exd5 5. cxd5 d6 6. e4 g6 7. h3 Bg7 8. Nf3
O-O 9. Bd3 Na6 10. O-O Nc7 11. Re1 b6 12. Bf4 Bb7 13. Qd2 Re8 14. a4 a6 15.
Rab1 b5 16. axb5 axb5 17. b4 c4 18. Bc2 Ra3 19. Nd4 Qd7 20. Nde2 h5 21. Bh6 Bh8
22. Be3 Ra6 23. Bd4 Qe7 24. Ra1 Rea8 25. Rxa6 Rxa6 26. Nf4 Nd7 27. Bxh8 Kxh8
28. Nfe2 Kh7 29. Nd4 Rb6 30. f4 Qf6 31. Nf3 Nf8 32. e5 Qd8 33. Ng5+ Kg8 34.
Nxf7 Kxf7 35. e6+ Ke7 36. Qd4 Ne8 37. Qh8 1-0

[Event "M.Chigorin Memorial A"]
[Site "St. Petersburg RUS"]
[Date "2007.12.01"]
[Round "1.16"]
[White "Demianjuk, Alexander"]
[Black "Safarli, Eltaj"]
[Result "0-1"]
[WhiteElo "2334"]
[BlackElo "2487"]
[PlyCount "130"]
[EventDate "2007.??.??"]

1. e4 c5 2. Nf3 d6 3. d4 cxd4 4. Nxd4 Nf6 5. Nc3 a6 6. Be3 e5 7. Nb3 Be6 8. f3
Nbd7 9. Qd2 Be7 10. g4 b5 11. O-O-O b4 12. Nd5 Bxd5 13. exd5 Nb6 14. Na5 Nbxd5
15. Nc6 Qc7 16. Nxb4 Nxb4 17. Qxb4 O-O 18. Qa4 d5 19. g5 Nd7 20. Rxd5 Nb6 21.
Bxb6 Qxb6 22. Bc4 Rab8 23. Bb3 Qe3+ 24. Kb1 Qxf3 25. Rdd1 Bxg5 26. Qxa6 Rbd8
27. Rdf1 Qh5 28. a4 e4 29. h4 Bf6 30. Rhg1 Bxh4 31. Qa7 Rde8 32. Rh1 e3 33.
Rxf7 Qxf7 34. Qd4 Qxb3 35. Qxh4 Qd5 36. Qxh7+ Kf7 37. Rf1+ Ke7 38. Qxg7+ Rf7
39. Rxf7+ Qxf7 40. Qe5+ Qe6 41. Qg7+ Kd8 42. Qd4+ Qd7 43. Qb6+ Qc7 44. Qf6+ Kc8
45. Qf5+ Qd7 46. Qc5+ Kb8 47. Qb6+ Qb7 48. Qg6 Qe4 49. Qb6+ Kc8 50. Qc5+ Kd7
51. Qb5+ Ke7 52. Qg5+ Kf7 53. Qh5+ Qg6 54. Qe2 Kg7 55. a5 Qe4 56. a6 Rh8 57.
Qb5 e2 58. Qd7+ Kf6 59. Qd6+ Kf5 60. Qd7+ Kf4 61. Qf7+ Ke3 62. Qa7+ Kf3 63.
Qf7+ Qf4 64. Qd5+ Kf2 65. Qc5+ Kf1 0-1

[Event "M.Chigorin Memorial A"]
[Site "St. Petersburg RUS"]
[Date "2007.12.01"]
[Round "1.17"]
[White "Mihajlovskij, Sergei"]
[Black "Bodnaruk, Anastasia"]
[Result "1-0"]
[WhiteElo "2480"]
[BlackElo "2331"]
[PlyCount "107"]
[EventDate "2007.??.??"]

1. Nf3 Nf6 2. d4 g6 3. Bg5 Bg7 4. Nbd2 O-O 5. c3 d6 6. e3 Nbd7 7. Be2 c5 8. O-O
b6 9. a4 a6 10. Qb3 Bb7 11. Rfd1 Qc7 12. Bh4 h6 13. h3 Rfe8 14. Bg3 e5 15. dxe5
dxe5 16. Nc4 Re6 17. Nfd2 Rae8 18. Qc2 Qc6 19. e4 Nf8 20. Ne3 b5 21. axb5 axb5
22. c4 b4 23. Nd5 N6d7 24. Nb3 Kh8 25. Ra7 Qc8 26. Rda1 Qb8 27. R7a5 Rc6 28.
Rb5 Ne6 29. Na5 Ra6 30. Rd1 Nd4 31. Rxd4 Rxa5 32. Rxa5 cxd4 33. Qa4 Bxd5 34.
exd5 Qd6 35. Ra7 Rd8 36. Qa5 Bf6 37. Ra6 Qe7 38. d6 Qe8 39. c5 Nb8 40. Bb5 Qe6
41. Ra8 Qd5 42. Qa7 d3 43. Bxd3 Nc6 44. Rxd8+ Bxd8 45. Qd7 Bf6 46. b3 Qxb3 47.
Bxg6 fxg6 48. Qxc6 Qd1+ 49. Kh2 b3 50. Qc8+ Kh7 51. Qb7+ Kh8 52. c6 Qd5 53.
Qb8+ Kh7 54. c7 1-0

[Event "M.Chigorin Memorial A"]
[Site "St. Petersburg RUS"]
[Date "2007.12.01"]
[Round "1.18"]
[White "Kashlinskaya, Alina"]
[Black "Gubajdullin, Alexei"]
[Result "1-0"]
[WhiteElo "2263"]
[BlackElo "2475"]
[PlyCount "85"]
[EventDate "2007.??.??"]

1. d4 g6 2. c4 Bg7 3. g3 Nf6 4. Nf3 O-O 5. Bg2 d6 6. Nc3 Nbd7 7. O-O e5 8. e4
c6 9. h3 Re8 10. Be3 exd4 11. Nxd4 Nc5 12. Qc2 a5 13. Rad1 a4 14. Nxc6 bxc6 15.
Bxc5 Nd5 16. exd5 Bf5 17. Qc1 dxc5 18. dxc6 Qa5 19. Nb5 Re2 20. c7 Rf8 21. g4
Bxb2 22. Qg5 h6 23. Qxh6 Be6 24. Bd5 Bg7 25. Qf4 Bc8 26. Qd6 Kh7 27. Qxc5 f5
28. Bf3 Rxa2 29. Qe7 fxg4 30. Bxg4 Rd2 31. Bxc8 Rxc8 32. Qh4+ Bh6 33. Qe7+ Kh8
34. Rxd2 Qxd2 35. Nd6 Qc3 36. Nxc8 Qxh3 37. Qe8+ Kh7 38. Qxg6+ Kxg6 39. Ne7+
Kg5 40. c8=Q Qxc8 41. Nxc8 Bg7 42. Rb1 a3 43. Rb5+ 1-0

[Event "M.Chigorin Memorial A"]
[Site "St. Petersburg RUS"]
[Date "2007.12.01"]
[Round "1.19"]
[White "Solovjov, Sergey I"]
[Black "Pogosian, Vladimir"]
[Result "1-0"]
[WhiteElo "2461"]
[BlackElo "2255"]
[PlyCount "81"]
[EventDate "2007.??.??"]

1. e4 d6 2. d4 Nd7 3. Nf3 g6 4. Nc3 Bg7 5. Bg5 h6 6. Be3 a6 7. a4 b6 8. h3 e6
9. Be2 Ne7 10. Qd2 Bb7 11. g4 Nf6 12. Qd3 d5 13. e5 Ne4 14. Nd2 c5 15. Ndxe4
dxe4 16. Qd2 cxd4 17. Qxd4 Qxd4 18. Bxd4 Nc6 19. Bxb6 Nxe5 20. O-O-O O-O 21.
Rd6 Rac8 22. Rhd1 Nc4 23. Bxc4 Rxc4 24. Bd4 Rfc8 25. Bxg7 Kxg7 26. R1d4 Kf6 27.
Rxc4 Rxc4 28. Rd7 Bc6 29. Rc7 h5 30. Kd2 hxg4 31. hxg4 Ke5 32. b3 Kd6 33. Rxf7
e3+ 34. Kd3 Rxg4 35. Kxe3 g5 36. Ne2 e5 37. c4 Kc5 38. Rf6 Bb7 39. a5 Bc8 40.
Rb6 Bf5 41. Nc3 1-0

[Event "M.Chigorin Memorial A"]
[Site "St. Petersburg RUS"]
[Date "2007.12.01"]
[Round "1.20"]
[White "Bratus, Pater P"]
[Black "Kuderinov, Kirill"]
[Result "0-1"]
[WhiteElo "2211"]
[BlackElo "2416"]
[PlyCount "132"]
[EventDate "2007.??.??"]

1. Nf3 d5 2. d4 Nf6 3. c4 c6 4. cxd5 cxd5 5. Nc3 Nc6 6. Bf4 g6 7. e3 Bg7 8. Bb5
O-O 9. O-O Ne4 10. Rc1 Bg4 11. Be2 Nxc3 12. Rxc3 Bxf3 13. Bxf3 e6 14. Qa4 Qd7
15. Rfc1 Rfc8 16. a3 Bf8 17. Qb5 a6 18. Qb6 Be7 19. Be2 Bd8 20. Qb3 Na5 21. Qd1
Rxc3 22. Rxc3 Rc8 23. Rxc8 Qxc8 24. Bd3 Qc6 25. h3 Bc7 26. Bxc7 Qxc7 27. h4 Kg7
28. g4 e5 29. dxe5 Qxe5 30. Bf1 Nc6 31. b4 d4 32. Qd3 dxe3 33. Qxe3 Qxe3 34.
fxe3 Ne5 35. Be2 h6 36. g5 hxg5 37. hxg5 f6 38. gxf6+ Kxf6 39. Kf2 Kf5 40. Bf1
Kg4 41. Bg2 b6 42. Bb7 a5 43. bxa5 bxa5 44. Bc8+ Kh4 45. Be6 Kg5 46. Bb3 Kf5
47. Bc2+ Kg4 48. Kg2 g5 49. Bd1+ Kh4 50. Be2 g4 51. Ba6 Nf3 52. Bb7 Ne1+ 53.
Kf2 Nc2 54. a4 g3+ 55. Ke2 Nb4 56. Kd2 Na6 57. Ke2 Nc5 58. Bg2 Nxa4 59. Kd3 Nb6
60. Kd4 a4 61. Kc3 a3 62. Kb3 Nc4 63. Ba8 Kh3 64. Ka2 Kh2 65. Bf3 Kg1 66. e4
Ne5 0-1

[Event "M.Chigorin Memorial A"]
[Site "St. Petersburg RUS"]
[Date "2007.12.01"]
[Round "1.21"]
[White "Utegaliyev, Azamat"]
[Black "Tarasova, Viktoriya"]
[Result "1-0"]
[WhiteElo "2200"]
[BlackElo "2277"]
[PlyCount "79"]
[EventDate "2007.??.??"]

1. e4 e5 2. Nf3 Nc6 3. Bc4 Bc5 4. c3 Nf6 5. d3 a6 6. Bb3 O-O 7. O-O Ba7 8. Nbd2
d6 9. Re1 Ne7 10. Nf1 Ng6 11. Ng3 h6 12. Be3 Bxe3 13. fxe3 d5 14. exd5 Nxd5 15.
d4 exd4 16. cxd4 Bg4 17. h3 Be6 18. e4 Ndf4 19. d5 Bd7 20. e5 Re8 21. Qd4 c5
22. Qe3 Qc8 23. Ne2 Nxe2+ 24. Rxe2 c4 25. Rc1 b5 26. Bc2 Bf5 27. Qd4 Bxc2 28.
Rcxc2 Qf5 29. Re4 Rad8 30. Rf2 Qd7 31. Rd2 Qb7 32. Rg4 Ne7 33. d6 Ng6 34. h4
Re6 35. h5 Nf8 36. Nh4 Ree8 37. Nf5 Ne6 38. Rxg7+ Nxg7 39. Qg4 f6 40. d7 1-0

[Event "M.Chigorin Memorial A"]
[Site "St. Petersburg RUS"]
[Date "2007.12.02"]
[Round "2.1"]
[White "Mihajlovskij, Sergei"]
[Black "Movsesian, Sergei"]
[Result "1/2-1/2"]
[WhiteElo "2480"]
[BlackElo "2670"]
[PlyCount "30"]
[EventDate "2007.??.??"]

1. d4 Nf6 2. Nf3 g6 3. c4 Bg7 4. Nc3 O-O 5. Bg5 d6 6. e3 h6 7. Bh4 c5 8. Be2
cxd4 9. Nxd4 Nc6 10. O-O Bd7 11. Rc1 Rc8 12. Qd2 a6 13. Rfd1 Nxd4 14. exd4 g5
15. Bg3 Bf5 1/2-1/2

[Event "M.Chigorin Memorial A"]
[Site "St. Petersburg RUS"]
[Date "2007.12.02"]
[Round "2.2"]
[White "Solovjov, Sergey I"]
[Black "Mamedov, Rauf"]
[Result "0-1"]
[WhiteElo "2461"]
[BlackElo "2582"]
[PlyCount "136"]
[EventDate "2007.??.??"]

1. e4 c5 2. Nf3 a6 3. b4 cxb4 4. Bb2 d6 5. d4 Nf6 6. Bd3 g6 7. Qd2 Bg7 8. Qxb4
O-O 9. a4 Nc6 10. Qa3 d5 11. e5 Nh5 12. O-O f6 13. exf6 Bxf6 14. Nbd2 Nf4 15.
Rfe1 Qb6 16. Rab1 Nxd3 17. cxd3 Bf5 18. Bc3 Qc7 19. Qb3 e6 20. Qxb7 Qxb7 21.
Rxb7 Rfc8 22. Ne5 Bxe5 23. dxe5 Bxd3 24. Ba1 Rab8 25. Rxb8 Rxb8 26. Rc1 Nb4 27.
h3 Nc2 28. Nf3 Rb4 29. a5 d4 30. Ne1 Nxe1 31. Rxe1 Bb5 32. Rc1 Ra4 33. Bb2 d3
34. Bc3 Ra2 35. Rd1 Rc2 36. Bd2 Ra2 37. Bc3 Kf7 38. Rd2 Ra3 39. Bb4 Ra4 40. Bc3
Ke7 41. f3 Kd7 42. Kf2 Ra3 43. Bb4 Rb3 44. Bd6 Kc6 45. Ke3 Kd5 46. Bc7 Rb1 47.
Bd6 Ra1 48. Bc7 Re1+ 49. Kf2 Rc1 50. Bb6 Kxe5 51. Rb2 Kd5 52. Be3 Rd1 53. Bd2
Kd4 54. Rb4+ Bc4 55. Rb2 h5 56. Be1 e5 57. Bd2 h4 58. Be1 Rc1 59. Bd2 Rh1 60.
Rb4 Ra1 61. Rb2 Rd1 62. Be1 Rc1 63. Bd2 Rc2 64. Rxc2 dxc2 65. Ke1 Kd3 66. Bc1
Be6 67. Bb2 Bf5 68. Ba3 Kc3 0-1

[Event "M.Chigorin Memorial A"]
[Site "St. Petersburg RUS"]
[Date "2007.12.02"]
[Round "2.3"]
[White "Popov, Valerij"]
[Black "Konovalov, Nikolay"]
[Result "1-0"]
[WhiteElo "2580"]
[BlackElo "2453"]
[PlyCount "95"]
[EventDate "2007.??.??"]

1. c4 e5 2. Nc3 Bb4 3. Nd5 a5 4. a3 Bc5 5. e3 Nc6 6. Nf3 Nf6 7. d4 Bd6 8. c5
Nxd5 9. cxd6 e4 10. Nd2 Nf6 11. d5 Ne5 12. Nxe4 Nxe4 13. Qd4 cxd6 14. Qxe4 O-O
15. Be2 b6 16. O-O Ba6 17. Bxa6 Rxa6 18. Bd2 Ra8 19. Rac1 Rc8 20. h3 Rxc1 21.
Rxc1 Re8 22. b3 h6 23. Bc3 Qb8 24. Qd4 f6 25. Bd2 Qb7 26. f4 Ng6 27. Qd3 Ne7
28. e4 Rc8 29. Rxc8+ Qxc8 30. Be3 Qc7 31. Qc4 Qb7 32. f5 Kf7 33. Qb5 Nc8 34.
Kf2 Ke7 35. g4 Qc7 36. Qc4 Qb7 37. Qc3 Kf7 38. h4 Ne7 39. Bd4 Qb8 40. Kg3 Qc8
41. Qxc8 Nxc8 42. a4 Kf8 43. Kf3 Kf7 44. Be3 Ke7 45. Ke2 Kd8 46. Bd4 Ke7 47.
Kd3 Kd8 48. g5 1-0

[Event "M.Chigorin Memorial A"]
[Site "St. Petersburg RUS"]
[Date "2007.12.02"]
[Round "2.4"]
[White "Smirnov, Artem"]
[Black "Khairullin, Ildar"]
[Result "1/2-1/2"]
[WhiteElo "2419"]
[BlackElo "2567"]
[PlyCount "34"]
[EventDate "2007.??.??"]

1. d4 f5 2. c4 Nf6 3. Nf3 g6 4. g3 Bg7 5. b4 O-O 6. Bb2 c6 7. Bg2 Na6 8. Qb3
Nc7 9. O-O Kh8 10. Nc3 d6 11. Rfd1 a5 12. a3 Be6 13. bxa5 Rxa5 14. d5 cxd5 15.
cxd5 Bc8 16. Nd2 Na6 17. a4 Nc5 1/2-1/2

[Event "M.Chigorin Memorial A"]
[Site "St. Petersburg RUS"]
[Date "2007.12.02"]
[Round "2.5"]
[White "Kuderinov, Kirill"]
[Black "Zhigalko, Andrey"]
[Result "0-1"]
[WhiteElo "2416"]
[BlackElo "2554"]
[PlyCount "98"]
[EventDate "2007.??.??"]

1. e4 c6 2. g3 d5 3. e5 c5 4. Nf3 Nc6 5. h3 Bf5 6. Bg2 e6 7. O-O Be4 8. Re1
Nge7 9. d3 Bxf3 10. Bxf3 g6 11. Bf4 Bg7 12. Nc3 O-O 13. Qd2 Qb8 14. Na4 Bxe5
15. Bh6 Rc8 16. Bg4 Qd6 17. Qg5 Bg7 18. h4 Bxh6 19. Qxh6 Nd4 20. Rac1 Nef5 21.
Qg5 h6 22. Qf6 Qe7 23. Qe5 h5 24. Bd1 b5 25. Nc3 Qd6 26. Qf6 Qd8 27. Qe5 a6 28.
Kg2 Ra7 29. Ne2 Nc6 30. Qc3 Qa5 31. Qxa5 Nxa5 32. c3 Nc6 33. Nf4 Rd7 34. Bf3
Nfe7 35. g4 e5 36. Nh3 hxg4 37. Bxg4 f5 38. Be2 Kg7 39. Ng5 Rd6 40. a4 Rh8 41.
axb5 axb5 42. Rh1 Kf6 43. f4 exf4 44. Kf3 d4 45. Kxf4 dxc3 46. bxc3 Ne5 47. Ke3
Nd5+ 48. Kd2 Nf4 49. Rcf1 Nc4+ 0-1